000 00425nam a22001697a 4500
005 20180720102701.0
008 160517b xxu||||| |||| 00| 0 eng d
020 _a978-81-3172126-6
041 _aeng
082 _b2456
_a658.3
100 _aRobbins, Stephen P. and Judge , Timothy A.
_94577
245 _aOrganizational Behaviour
260 _bPearsons
_c2007
300 _a683p,
650 _aManagement
_9241
942 _cBK
999 _c884
_d884